00768cam a22002291 4500001001300000003000400013005001700017008004100034010001700075035001900092040001800111042001200129050002600141082001000167100002200177245017800199260004600377300004700423490003100470700002000501999001700521ca 35000546 DLC20260227111138.0790106s1935 xx 000 0 eng  aca 35000546  a(OCoLC)4528172 aDLCcOCldDLC apremarc00aPS3503.E7169bS5 1935 a812.51 aBernard, Frank H.10aSilas, the chore boy,ba romance of New England, in three acts,cby Frank H. Bernard, as arranged for production at the Millbrook theatre, Millbrook, N.Y., by Edward Massey. aBoston,bWalter H. Baker companyc[c1935] a3 p. l., 5-102 p.bplates, diagrs.c20 cm.0 aBaker's professional plays1 aMassey, Edward. c17844d17844